01055nam a2200253 i 450000100060000000300090000600500170001500700030003200800410003502000180007608000080009408000080010210000210011024500790013126000420021030000280025250502240028065000210050465000290052570000340055474000890058874001000067785200240077725164ES-MaACL20250903005837.0t|021220m19671973sp ||||1| spa d a84-291-5002-1 a516 a5171 aApostol, Tom. M.10aCalculus / cTom M. Apostol ; [versión por Francisco Vélez Cantarell]. aBarcelona : bReverté, c1967-1973. a2 v. : bil. ; c22 cm.8 aContiene: 1. Cálculo con funciones de una variable, con una introducción al álgebra lineal (575 p.) - 2. Cálculo en varias variables, con aplicaciones a las probabilidades y al análisis vectorial (VII, 661 p.) 7aCálculo2embne 4aGeometría analítica.1 aVélez Cantarell, Francisco.02aCálculo con funciones de una variable, con una introducción al álgebra lineal.02aCálculo en varias variables, con aplicaciones a las probabilidades y al análisis vectorial.4 aES-MaACLjL-1834-35